Normal view MARC view
  • Muhammad Hammad Dar

Entry Personal Name

Number of records used in: 1

001 - CONTROL NUMBER

  • control field: 92131

003 - CONTROL NUMBER IDENTIFIER

  • control field: NUST

005 - DATE AND TIME OF LATEST TRANSACTION

  • control field: 20220701200908.0

008 - FIXED-LENGTH DATA ELEMENTS

  • fixed length control field: 220701|| aca||aabn | a|a d

040 ## - CATALOGING SOURCE

  • Original cataloging agency: NUST
  • Transcribing agency: NUST

100 ## - HEADING--PERSONAL NAME

  • Personal name: Muhammad Hammad Dar

670 ## - SOURCE DATA FOUND

  • Source citation: Work cat.: (NUST)13244: Muhammad Ahtesham Naeem 92130, Design and development of a real time decentralized water distribution network monitoring system, 2015
© 2023 Central Library, National University of Sciences and Technology. All Rights Reserved.